000 00257nam a2200097Ia 4500
001 1211979
005 20250827024446.0
008 250824s9999 xx 000 0 und d
245 0 _aGERÇEKTEN BENİ DUYUYOR MUSUN
_cLEYLA NAVARO
260 _bREMZİ KİTABEVİ
999 _c1211979
_d1211979